000 00706nam a22002177a 4500
003 UA-OsUOA
001 53191
007 ta
008 20080320b un ||||| |||| 00| 0 ukr d
100 _aУкраїнська асоціація івестиційного бізнесу
090 _a330(477)
_bУ-23
942 _cSA
040 _aUA-OsUOA
_bukr
_cUA-OsUOA
_dUA-OsUOA
245 _aЗакладений міцний фундаментдля фкісних змін. Інвестиційний бізнес
300 _aС.6
955 _a0
041 _aukr
080 _a330(477)
773 0 _w53190
_tУкраїна- business
_dК.
_d2008
_g11
650 7 _a330 Економіка взагалі
_2UDC
999 _c339288
_d339288